[Event "CZE-chT3A Middle 0506  "]
[Site "Czech Republic"]
[Date "2006.03.05"]
[Round "9.5"]
[White "Cozl, David"]
[Black "Tomandl, Ivo"]
[Result "0-1"]
[WhiteElo "1895"]
[BlackElo "1942"]
[PlyCount "20"]
[EventDate "2005.10.30"]
[EventType "team"]
[EventRounds "11"]
[EventCountry "CZE"]
[SourceTitle "EXT 2009"]
[Source "ChessBase"]
[SourceDate "2008.11.26"]
[SourceVersion "1"]
[SourceVersionDate "2008.11.26"]
[SourceQuality "1"]

1. b3 e5 2. Bb2 d6 3. c4 Nc6 4. e3 Nf6 5. Nc3 Be7 6. Nge2 0-0 7. d4 Bf5 8. d5 Nb4 9. Rc1 Nd3+ 10. Kd2 Nxb2 0-1